000 00420nam a2200181Ia 4500
001 4707
005 20260306145815.0
008 260306t2012||||xx |||||||||||||| ||spa||
041 _aESP
082 _a330.01
_bC88
100 _aCrespo, Ricardo F.
_eAUT
245 0 _aFilosofía de la economía
260 _c2012
300 _a160 páginas :
_c24 cm.
650 _aGEN
654 _aCAN
942 _cLIB
_dJUS
_fJUS
_2ddc
_n
999 _c4707
_d4707